Detalles MARC
| 000 -LIDER |
| fixed length control field |
03022nam a2200325 a 4500 |
| 001 - NÚMERO DE CONTROL |
| Identificador de número de control |
00148 |
| 003 - IDENTIFICACDOR DE NÚMERO DE CONTROL |
| control field |
DO-SdBNP |
| 005 - DATE AND TIME OF LATEST TRANSACTION |
| control field |
20180314114710.0 |
| 007 - CAMPOS FIJOS DE DESCRIPCIÓN FÍSICA |
| fixed length control field |
00148 |
| 008 - ELEMENTOS DE LONGITUD FIJA |
| fixed length control field |
160406b dr 20uu||| |||| 00| 0 spa d |
| 040 ## - FUENTE DE CATALOGACIÓN |
| Agencia que crea de manera original el registro |
BPMSU |
| Idioma de catalogación |
spa |
| Agencia que realiza la transcripción |
BPMSU |
| 092 ## - LOCALLY ASSIGNED DEWEY DECIMAL CALL NUMBER |
| Número de clasificación |
373.7 |
| Número de ítem (Cutter) |
P349m 1ro. [20--?] |
| 100 1# - ASIENTO PRINCIPAL -- NOMBRE PERSONAL |
| Nombre personal |
Peña Geraldino, Rafael |
| 245 10 - MENCIÓN DE TITULO |
| Título |
Matemática 1: |
| Subtítulo |
educación media / |
| Mención de responsabilidad |
Rafael Peña Geraldino ; coordinador José Molinaza |
| 250 ## - MENCIÓN DE EDICION |
| Mención de edición |
3a ed. |
| 260 ## - PUBLICACIÓN, DISTRIBUCIÓN, ETC. (PIE DE IMPRENTA) |
| Lugar de publicación, distribución, etc |
Santo Domingo : |
| Nombre del editor, distribuidor, etc. |
Secretaría de Estado de Educación |
| Fecha de publicación, distribución, etc |
[20--?] |
| 300 ## - DESCRIPCIÓN FÍSICA |
| Extensión |
227 p. |
| Otros detalles físicos |
retrs. ; |
| Dimensiones |
28 cm. |
| 500 ## - NOTA GENERAL |
| Nota general |
Gestión educativa 2004-2008 |
| 505 ## - NOTA DE CONTENIDO |
| Título |
Capítulo 1 : |
| -- |
Enunciados y proposiciones--Valor de verdad de una proposición -- Tabla de verdad -- Proposiciones compuestas -- Equivalencia de proposiciones -- Clasificación de las proposiciones -- Función proposicional -- Cuantificadores. |
| -- |
Capítulo 2 : |
| -- |
Conjuntos -- Relación de pertenencia --Representación gráfica de los conjuntos -- Relaciones entre los conjunos -- Propiedades de los conjuntos -- Operaciones de conjuntos. |
| -- |
Capítulo 3 : |
| -- |
Conceptos básicos del álgebra -- Polinomios -- Operaciones con polinomios -- Valor numérico de expresiones algebraicas -- Productos notables -- Cocientes notables |
| -- |
Capítulo 4 : |
| -- |
Potenciacción -- Exponentes negativos -- Radicación -- Operaciones con radicales -- Racionaliación -- Factorización -- Proceso de factorización -- Diferentes casos de factorización -- Otras modalidaes de factorización |
| -- |
Capítulo 5 : |
| -- |
Máximo común divisor -- Mínimo común múltiplo -- Fracciones algebraicas -- Simplificación de fracciones -- Operaciones con fracciones algebraica -- Fracciones compuestas |
| -- |
Capítulo 6: |
| -- |
Conjuntos numéricos -- Diagrma de Ven Euler de los conhuntos numéricos -- Desigualdad en los números reales -- Intervalos definidos e indefinidos -- Operaciones de conjuntos con los intervalos -- Valor absoluto de números reales |
| -- |
Capítulo 7: |
| -- |
Conceptos fundamentales de la geometría -- Consideraciones sobre la línea recta -- Plano -- Ángulos -- Teoremas |
| -- |
Capítulo 8 : |
| -- |
Ecuaciones -- Propiedades de las ecuaciones -- Resolución de una ecuación de primer grado -- Grad de una ecuación -- Resolucción de problemas -- Inecuaciones --Resolución de inecuaciones -- Ecuaciones e inecuaciones con valores absolutos |
| -- |
Capitulo 9 : |
| -- |
Números imaginarios -- Potencias de i -- Operaciones con los números complejos |
| -- |
Capítulo 10 : |
| -- |
Estadística -- Población y muestra -- Muestra -- Presentación de datos -- Tipos de gráficos. |
| 650 #4 - ENCABEZAMIENTO DE MATERIA--TEMÁTICO |
| Término temático o nombre geográfico como elemento de entrada |
MATEMÁTICAS |
| Subdivisión temática general |
ENSEÑANZA SECUNDARIA |
| 650 #4 - ENCABEZAMIENTO DE MATERIA--TEMÁTICO |
| Término temático o nombre geográfico como elemento de entrada |
MATEMÁTICAS |
| Subdivisión temática general |
EDUCACIÓN SECUNDÁRIA |
| 650 #4 - ENCABEZAMIENTO DE MATERIA--TEMÁTICO |
| Término temático o nombre geográfico como elemento de entrada |
MATEMÁTICAS |
| Subdivisión temática general |
ESTUDIOS Y EJERCICIOS |
| 650 #4 - ENCABEZAMIENTO DE MATERIA--TEMÁTICO |
| Término temático o nombre geográfico como elemento de entrada |
MATEMÁTICAS |
| Subdivisión temática general |
LIBROS DE TEXTOS |
| 650 #4 - ENCABEZAMIENTO DE MATERIA--TEMÁTICO |
| Término temático o nombre geográfico como elemento de entrada |
EDUCACIÓN SECUNDARIA |
| Subdivisión geográfica |
REPÚBLICA DOMINICANA |
| 700 1# - ASIENTO SECUNDARIO -- NOMBRE PERSONAL |
| Nombre personal |
Molinaza, José, |
| Término de relación |
coord. |
| 910 ## - VALIDACIÓN |
| Validación |
Validado. Control de calidad MFF |
| 942 ## - ADDED ENTRY ELEMENTS (KOHA) |
| Source of classification or shelving scheme |
Dewey Decimal Classification |
| Koha item type |
Libros |
| 945 ## - INFORMACIÓN DE PROCESAMIENTO LOCAL |
| Información de procesamiento local |
Remanejado para la BNPHU / 2018 VM |
| 956 ## - LOCAL ELECTRONIC LOCATION AND ACCESS (OCLC) |
| Nombre de host |
VMATEO |
| Número de acceso |
10 |
| Información de compresión |
20150707 |
| Inicio de sesión |
BPMSU |
| Procesador de solicitud |
00151 |